Krásnu jeseň života prežíva vo Washingtone Herečka Sylvia Letková-Stredňanská sa raz vráti k vnukom

Bibliographic Details
Other Authors: Vároš, Milan, 1937- (Interviewer)
Format: Article
Language:Slovak
PhysicalDescription:Fotogr. 8
ISSN:0139-6323
Subjects:

MARC

LEADER 00000nab a2200000 a 4500
001 vtls000542332
003 SK-MaSNL
005 20260303204339.0
008 160216c1995 xo 0 slo
015 |a SNBRB19rr/mm-uuuuu 
035 |a CL0542470 
040 |a SNKBUCL  |b slo  |c SNKBUCL  |e AACR2 
041 0 |a slo 
044 |a xo  |c SK 
080 |a 792.071.2  |2 1981 
080 |a 7.096  |2 1981 
080 |a 929 Letková-Stredňanská, Sylvia  |2 1981 
080 |a 323.113 (73=854)  |2 1981 
100 1 |a Vároš, Milan,  |d 1937-  |4 ivr  |9 102812 
245 1 0 |a Krásnu jeseň života prežíva vo Washingtone  |b Herečka Sylvia Letková-Stredňanská sa raz vráti k vnukom  |c Milan Vároš, Sylvia Letková-Stredňanská 
300 |b Fotogr. 8 
600 1 7 |a Stredňanská-Letková, Sylvia,  |d 1938-  |2 snkbucl  |9 235248 
655 7 |a rozhovory  |2 snkbucl  |9 31831 
655 7 |a články z novín a časopisov  |2 snkbucl  |9 267496 
700 1 |a Stredňanská-Letková, Sylvia,  |d 1938-  |4 ive  |9 235248 
773 0 |t Život  |g Roč. 45, č. 1 (1995), s. 24-25  |x 0139-6323 
850 |a Slovenská národná knižnica v Martine  |a MTA001 
852 |a SNK  |b KIS3GCP 
958 |a BX 
958 |a RK 
992 |a RBX 
999 |c 2189604  |d 2191534